[Event "Russian Women's Higher League 2020"]
[Site "?"]
[Date "2020.10.11"]
[Round "4.11"]
[White "Dordzhieva, Dinara"]
[Black "Paramzina, Anastasya"]
[Result "0-1"]
[WhiteElo "2354"]
[BlackElo "2237"]
[PlyCount "144"]
[EventDate "2020.??.??"]

1. d4 Nf6 2. c4 e6 3. Nf3 d5 4. g3 Bb4+ 5. Bd2 Bd6 6. Bg2 c6 7. Nc3 dxc4 8. e4
Be7 9. a4 O-O 10. O-O b6 11. Qe2 Ba6 12. Rfe1 Re8 13. Bf4 b5 14. axb5 Bxb5 15.
Rad1 Nbd7 16. Qc2 Bb4 17. Ng5 Nf8 18. Re2 h6 19. Nf3 Ng6 20. Bd2 a5 21. h4 Qb6
22. Qc1 Bf8 23. Bh3 a4 24. g4 a3 25. bxa3 Bxa3 26. Qc2 Qc7 27. e5 Nd5 28. Qe4
Nxc3 29. Bxc3 c5 30. Bg2 Bc6 31. Qe3 cxd4 32. Bxd4 Be7 33. Rc1 Ra3 34. Rc3 Rxc3
35. Bxc3 Nxh4 36. Nxh4 Bxh4 37. Qc5 Rc8 38. Bxc6 Qxc6 39. Qxc6 Rxc6 40. Ra2 f6
41. f4 fxe5 42. fxe5 Kf7 43. Kg2 Kg6 44. Kf3 Bd8 45. Ra8 Bh4 46. Ra2 h5 47. Rg2
Bg5 48. gxh5+ Kf5 49. Rg4 Bh6 50. Kg3 Bg5 51. Kf3 Rc8 52. Kg3 Rh8 53. Rxc4 Rxh5
54. Ra4 Rh1 55. Ba1 Rd1 56. Ra7 Bf4+ 57. Kf3 Rd3+ 58. Ke2 Re3+ 59. Kf2 g5 60.
Bd4 Rd3 61. Bc5 Rc3 62. Bd4 Rc4 63. Bb6 g4 64. Ra2 Bxe5 65. Kg2 g3 66. Re2 Bf4
67. Bd8 e5 68. Ba5 Rc6 69. Be1 Kg4 70. Ra2 Rh6 71. Ra3 Rh2+ 72. Kg1 Rc2 0-1

[Event "Russian Women's Higher League 2020"]
[Site "?"]
[Date "2020.10.11"]
[Round "4.12"]
[White "Getman, Tatyana"]
[Black "Mironenko, Galina"]
[Result "1-0"]
[WhiteElo "2271"]
[BlackElo "2061"]
[PlyCount "109"]
[EventDate "2020.??.??"]

1. d4 Nf6 2. c4 e6 3. Nf3 b6 4. a3 Ba6 5. Qc2 Bb7 6. Nc3 c5 7. e4 cxd4 8. Nxd4
Bc5 9. Nf3 Nc6 10. b4 Nd4 11. Qd2 Nxf3+ 12. gxf3 Be7 13. Bb2 Qb8 14. Rd1 O-O
15. Nb5 d5 16. cxd5 exd5 17. e5 Nh5 18. f4 d4 19. Rg1 Bf3 20. Rc1 Qb7 21. Nxd4
g6 22. Qe3 Bd5 23. Bd3 Ng7 24. f5 Rfe8 25. Bb5 Bd6 26. Bxe8 Rxe8 27. f4 f6 28.
fxg6 hxg6 29. Ne2 fxe5 30. Rxg6 Qf7 31. Rxd6 exf4 32. Qd4 f3 33. Qxg7+ Qxg7 34.
Bxg7 Rxe2+ 35. Kf1 Be6 36. Rxe6 Rxe6 37. Rc7 Re2 38. h4 Rh2 39. Rxa7 Rxh4 40.
Kf2 Rf4 41. Bh6 Rf6 42. Be3 b5 43. Ra5 Kf8 44. Rxb5 Ra6 45. Ra5 Rf6 46. Ra7 Ke8
47. b5 Rf5 48. a4 Kd8 49. b6 Kc8 50. a5 Rb5 51. a6 Rb2+ 52. Kxf3 Rb3 53. Rh7
Rb2 54. a7 Ra2 55. b7+ 1-0

[Event "Russian Women's Higher League 2020"]
[Site "?"]
[Date "2020.10.11"]
[Round "4.13"]
[White "Charochkina, Daria"]
[Black "Mukhina, Jana"]
[Result "1-0"]
[WhiteElo "2356"]
[BlackElo "2025"]
[PlyCount "99"]
[EventDate "2020.??.??"]

1. d4 d5 2. c4 dxc4 3. e3 e6 4. Bxc4 c5 5. Nf3 Nc6 6. O-O Nf6 7. Qe2 cxd4 8.
Rd1 Be7 9. exd4 O-O 10. Nc3 Nb4 11. a3 Nbd5 12. Bg5 Nxc3 13. bxc3 Nd5 14. Bxe7
Nxe7 15. Qe4 Nd5 16. Bd3 Nf6 17. Qh4 b6 18. Ne5 Bb7 19. Re1 h6 20. c4 Nd7 21.
Qf4 Nxe5 22. Rxe5 Qf6 23. Qe3 Rac8 24. Re1 Rfd8 25. d5 Rd6 26. Qe4 g6 27. Qe3
exd5 28. Qxh6 Bc6 29. h4 Qg7 30. Qf4 Rcd8 31. Rg5 dxc4 32. Bxc4 Rd4 33. Qc7 Qf6
34. Bxf7+ Qxf7 35. Qxc6 R8d6 36. Qc8+ Rd8 37. Qc2 Rd2 38. Qxg6+ Qxg6 39. Rxg6+
Kf7 40. Rc6 R8d7 41. Re3 Ra2 42. Rf3+ Kg7 43. h5 b5 44. g4 Rb7 45. g5 a5 46.
h6+ Kh7 47. g6+ Kxh6 48. Rh3+ Kg5 49. g7 Rxg7 50. Rg3+ 1-0

[Event "Russian Women's Higher League 2020"]
[Site "?"]
[Date "2020.10.11"]
[Round "4.14"]
[White "Lysenko, Margarita"]
[Black "Berezina, Mariya"]
[Result "1-0"]
[WhiteElo "2239"]
[BlackElo "1982"]
[PlyCount "85"]
[EventDate "2020.??.??"]

1. d4 d5 2. c4 e6 3. Nc3 Be7 4. cxd5 exd5 5. Bf4 c6 6. e3 Bf5 7. Nge2 Nd7 8. h4
Bxh4 9. Qb3 b6 10. Rxh4 Qxh4 11. Nxd5 cxd5 12. Qxd5 Rc8 13. Qxf5 Ne7 14. Qb5
Qg4 15. Nc3 O-O 16. Be2 Qe6 17. d5 Qf5 18. g4 a6 19. Qa4 b5 20. gxf5 bxa4 21.
Bxa6 a3 22. Bxc8 Rxc8 23. Kd2 axb2 24. Rb1 Nxf5 25. Rxb2 h5 26. Rb7 Nc5 27. Rb8
Rxb8 28. Bxb8 h4 29. e4 Nd7 30. Bc7 Ne7 31. Ke3 f6 32. a4 g5 33. f3 Kf7 34. a5
Nc8 35. Nb5 Ke7 36. a6 Ncb6 37. a7 Na8 38. Bd6+ Kd8 39. Nc7 Ndb6 40. Nxa8 Nxa8
41. Kf2 Kd7 42. Bc5 Ke8 43. Kg2 1-0

[Event "Russian Women's Higher League 2020"]
[Site "?"]
[Date "2020.10.12"]
[Round "5.1"]
[White "Gunina, Valentina"]
[Black "Garifullina, Leya"]
[Result "0-1"]
[WhiteElo "2431"]
[BlackElo "2335"]
[PlyCount "78"]
[EventDate "2020.??.??"]

1. e4 c5 2. Nc3 d6 3. d4 cxd4 4. Qxd4 Nf6 5. Bg5 Nc6 6. Qe3 Ng4 7. Qd2 h6 8.
Bh4 g5 9. Bg3 Bg7 10. Bd3 Be6 11. Nge2 Qb6 12. O-O a6 13. Nd5 Bxd5 14. exd5
Nce5 15. Bf5 Nc4 16. Qd3 Nxb2 17. Rab1 h5 18. Bxg4 Nxd3 19. Rxb6 Nc5 20. Bf5 h4
21. Bxd6 exd6 22. Rxd6 Rd8 23. Rxd8+ Kxd8 24. f4 gxf4 25. Rxf4 Be5 26. Rf3 Ke7
27. Bg4 Rd8 28. c4 b5 29. Rf5 f6 30. cxb5 axb5 31. Bf3 Kd6 32. Nf4 Ra8 33. Ng6
Bd4+ 34. Kf1 Rxa2 35. Bd1 b4 36. Rf4 Rd2 37. Ke1 Bc3 38. Rxf6+ Kxd5 39. Bf3+
Kc4 0-1

[Event "Russian Women's Higher League 2020"]
[Site "?"]
[Date "2020.10.12"]
[Round "5.2"]
[White "Goltseva, Ekaterina"]
[Black "Kovalevskaya, Ekaterina"]
[Result "1/2-1/2"]
[WhiteElo "2294"]
[BlackElo "2384"]
[PlyCount "133"]
[EventDate "2020.??.??"]

1. d4 d5 2. c4 e6 3. Nf3 c5 4. cxd5 exd5 5. g3 Nc6 6. Bg2 Nf6 7. O-O Be7 8. Be3
c4 9. Ne5 O-O 10. b3 cxb3 11. Qxb3 Na5 12. Qa4 Be6 13. Bd2 Nc4 14. Nxc4 dxc4
15. e3 Rb8 16. Qxa7 b5 17. Ba5 Qe8 18. Bc7 Rc8 19. Nc3 Qd7 20. Bb6 b4 21. Ne4
Nxe4 22. Qxd7 Bxd7 23. Bxe4 Rb8 24. Bc7 Rb5 25. Rfc1 c3 26. d5 Re8 27. Bg2 Bf6
28. Rab1 Ra8 29. Rc2 Ra7 30. Bd6 Ra4 31. e4 Bd4 32. Bf1 Rb6 33. Bc7 Rb7 34. Bd6
g6 35. Bc4 Bg4 36. Kg2 h5 37. f4 Bd7 38. Rd1 Bg7 39. Bb3 Ra5 40. h3 Bf8 41.
Bxf8 Kxf8 42. e5 Ke8 43. Re2 Bb5 44. Rf2 Bd7 45. Re2 Bb5 46. Rf2 Bd7 47. Re1
Bf5 48. Rfe2 Bd3 49. Rf2 Bf5 50. Kh2 Rc5 51. Rg2 Bd3 52. d6 Bc4 53. Bxc4 Rxc4
54. Rc2 Rb5 55. Rd1 h4 56. Re2 Kd7 57. Kg2 Ra5 58. Rc2 hxg3 59. Kxg3 g5 60. Rf1
Rxf4 61. Rxf4 gxf4+ 62. Kxf4 Ke6 63. h4 Rxe5 64. d7 Rd5 65. a3 bxa3 66. Rxc3
Rxd7 67. Rxa3 1/2-1/2

[Event "Russian Women's Higher League 2020"]
[Site "?"]
[Date "2020.10.12"]
[Round "5.3"]
[White "Guseva, Marina"]
[Black "Schepetkova, Margarita"]
[Result "1-0"]
[WhiteElo "2377"]
[BlackElo "2257"]
[PlyCount "99"]
[EventDate "2020.??.??"]

1. d4 Nf6 2. c4 e6 3. Nf3 b6 4. a3 Ba6 5. Qc2 Bb7 6. Nc3 c5 7. e4 cxd4 8. Nxd4
Bc5 9. Nf3 Ng4 10. Bg5 f6 11. Bh4 Nc6 12. Be2 O-O 13. h3 Nge5 14. Nxe5 Nxe5 15.
O-O Ng6 16. Bg3 f5 17. exf5 exf5 18. b4 Bd4 19. Rad1 Bxc3 20. Qxc3 f4 21. Bg4
Rf7 22. Bh2 Qg5 23. Bf3 Bxf3 24. Qxf3 Re8 25. Rfe1 Rxe1+ 26. Rxe1 h6 27. Kh1 a5
28. Re8+ Kh7 29. Qd3 axb4 30. axb4 f3 31. gxf3 Qh5 32. f4 Rf5 33. Rd8 Rf7 34.
Kg2 b5 35. cxb5 Rf5 36. Bg3 Rxb5 37. Rxd7 Rb6 38. Qd4 Nxf4+ 39. Bxf4 Rg6+ 40.
Bg3 Qb5 41. Rd6 Rxd6 42. Qxd6 h5 43. Qc5 Qe2 44. Qf5+ Kg8 45. b5 Qe8 46. Qd5+
Kh8 47. b6 h4 48. Bxh4 Qg6+ 49. Bg5 Qxb6 50. Qd8+ 1-0

[Event "Russian Women's Higher League 2020"]
[Site "?"]
[Date "2020.10.12"]
[Round "5.4"]
[White "Kovanova, Baira"]
[Black "Grigorieva, Yulia"]
[Result "1/2-1/2"]
[WhiteElo "2324"]
[BlackElo "2237"]
[PlyCount "81"]
[EventDate "2020.??.??"]

1. d4 Nf6 2. c4 g6 3. g3 Bg7 4. Bg2 O-O 5. Nc3 d6 6. Nf3 Nbd7 7. O-O e5 8. h3
Re8 9. e4 exd4 10. Nxd4 Nc5 11. Re1 Bd7 12. Bf4 h6 13. Qc2 Nfxe4 14. Nxe4 Bxd4
15. Rad1 Bg7 16. Nxc5 Rxe1+ 17. Rxe1 dxc5 18. Bxb7 Rb8 19. Bd5 Rxb2 20. Qxg6
Qf6 21. Qh5 Rxa2 22. Kg2 c6 23. Bf3 Bf5 24. Re5 Bg6 25. Re8+ Kh7 26. Qxc5 Qc3
27. Be4 Qd4 28. Bxg6+ fxg6 29. Qxd4 Bxd4 30. Be3 Bxe3 31. Rxe3 Rc2 32. Re7+ Kg8
33. Rxa7 Rxc4 34. Rc7 Rc3 35. g4 c5 36. h4 c4 37. h5 gxh5 38. gxh5 Rc1 39. Kf3
c3 40. Ke2 c2 41. Kd2 1/2-1/2

[Event "Russian Women's Higher League 2020"]
[Site "?"]
[Date "2020.10.12"]
[Round "5.6"]
[White "Solozhenkina, Elizaveta"]
[Black "Getman, Tatyana"]
[Result "0-1"]
[WhiteElo "2301"]
[BlackElo "2271"]
[PlyCount "108"]
[EventDate "2020.??.??"]

1. d4 Nf6 2. c4 e6 3. Nf3 d5 4. Nc3 Bb4 5. Bg5 Nbd7 6. cxd5 exd5 7. e3 c5 8.
Bd3 Qa5 9. O-O c4 10. Bf5 O-O 11. Qc2 Re8 12. Nd2 g6 13. Bxd7 Nxd7 14. h4 Nb6
15. f3 Kg7 16. e4 f6 17. Bf4 dxe4 18. fxe4 Qh5 19. Bg3 Be6 20. a3 Be7 21. Nf3
Rad8 22. Rad1 Bg4 23. Bc7 Rd7 24. Bg3 Red8 25. Ne2 Bd6 26. Bxd6 Rxd6 27. d5
Bxf3 28. Rxf3 Qxh4 29. Nf4 Re8 30. Ne6+ Rexe6 31. dxe6 Rxe6 32. Rdf1 Qg5 33.
Qf2 Qe5 34. b3 cxb3 35. Rxb3 Qxe4 36. Rf3 Qe5 37. a4 Nxa4 38. Qxa7 Qc5+ 39.
Qxc5 Nxc5 40. Rb1 g5 41. Rf5 b6 42. Rd5 Kg6 43. Rd8 h5 44. Rb8 Nd7 45. Rd8 Ne5
46. Rb8 Nc4 47. Rc8 Nd2 48. Rb4 g4 49. Rb8 Kg5 50. R8xb6 Re2 51. Ra6 f5 52. Rb5
Kf4 53. Ra4+ Kg3 54. Ra3+ Nf3+ 0-1

[Event "Russian Women's Higher League 2020"]
[Site "?"]
[Date "2020.10.12"]
[Round "5.8"]
[White "Bivol, Alina"]
[Black "Gritsayeva, Oksana"]
[Result "1-0"]
[WhiteElo "2393"]
[BlackElo "2373"]
[PlyCount "101"]
[EventDate "2020.??.??"]

1. e4 c5 2. Nf3 Nc6 3. d4 cxd4 4. Nxd4 Nf6 5. Nc3 e5 6. Ndb5 d6 7. Bg5 a6 8.
Na3 Be6 9. Nc4 Rb8 10. Nd5 Bxd5 11. exd5 Na7 12. f4 h6 13. Bh4 b5 14. fxe5 dxe5
15. Nxe5 Qe7 16. Qd4 Qb4+ 17. Qxb4 Bxb4+ 18. c3 Bd6 19. Bxf6 gxf6 20. Nf3 Kd7
21. Bd3 Rhe8+ 22. Kd2 Nc8 23. Bf5+ Kc7 24. Bxc8 Bf4+ 25. Kc2 Rbxc8 26. Rhe1 Kd6
27. g3 Be5 28. Rad1 b4 29. Nxe5 Rxe5 30. Rf1 bxc3 31. bxc3 f5 32. Rf4 Rc5 33.
Ra4 a5 34. Rh4 Re2+ 35. Rd2 Rxd2+ 36. Kxd2 Kxd5 37. Rxh6 Rb5 38. Kc2 Ke5 39.
Rh5 Ke4 40. g4 a4 41. Rxf5 Rb8 42. Ra5 Rh8 43. Rxa4+ Ke3 44. Rd4 Rxh2+ 45. Kb3
Rh1 46. a4 Rb1+ 47. Kc2 Rb7 48. a5 Ra7 49. Ra4 Ra6 50. Kb3 Kf3 51. g5 1-0

[Event "Russian Women's Higher League 2020"]
[Site "?"]
[Date "2020.10.12"]
[Round "5.10"]
[White "Potapova, Margarita"]
[Black "Charochkina, Daria"]
[Result "0-1"]
[WhiteElo "2270"]
[BlackElo "2356"]
[PlyCount "96"]
[EventDate "2020.??.??"]

1. e4 c5 2. g3 Nc6 3. Bg2 g6 4. Ne2 Bg7 5. d3 Rb8 6. O-O b5 7. c3 d6 8. d4 cxd4
9. cxd4 Bg4 10. f3 Bd7 11. Be3 a5 12. h3 Nf6 13. d5 Ne5 14. b3 g5 15. Na3 Rg8
16. Rc1 h5 17. Bxg5 Bh8 18. Be3 h4 19. g4 Nexg4 20. fxg4 Nxg4 21. hxg4 Bxg4 22.
Kf2 Bb2 23. Nb1 Bxc1 24. Bxc1 Rc8 25. Be3 h3 26. Bh1 e5 27. Ke1 a4 28. b4 Rc4
29. Qd2 Qh4+ 30. Bf2 Qg5 31. Be3 Qh4+ 32. Bf2 Qg5 33. Qxg5 Rxg5 34. Be3 Rg6 35.
Nd2 Rc2 36. Ng3 h2 37. Kf2 Rf6+ 38. Nf5 Bxf5 39. exf5 Rxf5+ 40. Kg3 Rxf1 41.
Nxf1 Rxa2 42. Nxh2 Re2 43. Nf1 a3 44. Bf3 Re1 45. Kf2 Rxf1+ 46. Kxf1 a2 47. Be2
a1=Q+ 48. Kf2 Qb2 0-1

[Event "Russian Women's Higher League 2020"]
[Site "?"]
[Date "2020.10.12"]
[Round "5.12"]
[White "Bykova, Anastasia"]
[Black "Semenova, Elena"]
[Result "0-1"]
[WhiteElo "2215"]
[BlackElo "2284"]
[PlyCount "114"]
[EventDate "2020.??.??"]

1. d4 f5 2. g3 Nf6 3. Bg2 d6 4. d5 c6 5. Nc3 e5 6. dxe6 Bxe6 7. e4 fxe4 8. Nxe4
Nxe4 9. Bxe4 d5 10. Bg2 Bc5 11. Qe2 Qe7 12. Bg5 Qxg5 13. Qxe6+ Qe7 14. Qxe7+
Bxe7 15. f4 Nd7 16. O-O-O O-O-O 17. Nf3 Rhe8 18. Rhe1 Bf6 19. g4 g6 20. Bh3 Kc7
21. g5 Bg7 22. f5 gxf5 23. Bxf5 Ne5 24. Nxe5 Rxe5 25. Rxe5 Bxe5 26. h4 Bf4+ 27.
Kb1 Bg3 28. Bxh7 Bxh4 29. Rg1 Rd7 30. Bf5 Re7 31. a4 Rg7 32. g6 Kd6 33. b4 b6
34. Rh1 Bf6 35. b5 c5 36. Rf1 Ke5 37. c3 Re7 38. Kc2 Kd6 39. Bd3 Bg7 40. Rd1
Re3 41. c4 Rg3 42. Be4 Rc3+ 43. Kb1 Rxc4 44. Bxd5 Rb4+ 45. Kc2 Ke5 46. Bc6 Rxa4
47. Rf1 Rg4 48. Be8 Kd4 49. Rf7 Be5 50. Rxa7 Rg2+ 51. Kd1 Kd3 52. Ke1 c4 53.
Kf1 Rg5 54. Kf2 c3 55. Rd7+ Bd4+ 56. Kf3 c2 57. Rc7 Bc5 0-1

[Event "Russian Women's Higher League 2020"]
[Site "?"]
[Date "2020.10.12"]
[Round "5.13"]
[White "Dordzhieva, Dinara"]
[Black "Miroshnik, Ekaterina"]
[Result "1-0"]
[WhiteElo "2354"]
[BlackElo "2104"]
[PlyCount "102"]
[EventDate "2020.??.??"]

1. d4 d5 2. Nf3 Nf6 3. c4 dxc4 4. g3 e6 5. Bg2 Bd7 6. Ne5 Bc6 7. Nxc6 Nxc6 8.
O-O Qd7 9. e3 O-O-O 10. Nd2 Na5 11. Qc2 h5 12. Nxc4 Nxc4 13. Qxc4 Nd5 14. Bd2
h4 15. b4 hxg3 16. hxg3 f5 17. b5 g5 18. a4 Be7 19. a5 Kb8 20. Rfc1 Rde8 21. e4
fxe4 22. Bxe4 Bf6 23. Ra2 Rc8 24. a6 Nb6 25. Qe2 bxa6 26. Rxa6 Bxd4 27. Be3
Rcf8 28. Bg2 e5 29. Ra2 Bxe3 30. Qxe3 Qd4 31. Qxg5 e4 32. Rd2 Qb4 33. Qe5 Rh7
34. Qxe4 Qxe4 35. Bxe4 Re7 36. Bc6 Rg7 37. Rcd1 Rgg8 38. Rd4 Nc8 39. Rd7 Rh8
40. f4 Rhg8 41. Kf2 Nb6 42. Rh7 Rf6 43. Bf3 Rf5 44. Rc1 Rxb5 45. Rcxc7 Rb2+ 46.
Kf1 a5 47. Rb7+ Kc8 48. Be4 Na4 49. Ra7 Nb6 50. Bf5+ Kd8 51. Rhb7 Rh8 1-0

[Event "Russian Women's Higher League 2020"]
[Site "?"]
[Date "2020.10.12"]
[Round "5.14"]
[White "Mironenko, Galina"]
[Black "Bodnaruk, Anastasia"]
[Result "0-1"]
[WhiteElo "2061"]
[BlackElo "2428"]
[PlyCount "92"]
[EventDate "2020.??.??"]

1. Nf3 Nf6 2. g3 g6 3. Bg2 Bg7 4. d4 O-O 5. c4 d6 6. O-O Nc6 7. Nc3 a6 8. e3 e5
9. d5 Ne7 10. Ne1 c5 11. Nd3 Bd7 12. a4 b5 13. axb5 axb5 14. Rxa8 Qxa8 15. Nxe5
bxc4 16. Nxc4 Qa6 17. Qb3 Ng4 18. Rd1 Ne5 19. Bf1 Nxc4 20. Bxc4 Qa7 21. e4 Rb8
22. Qc2 f5 23. Bg5 Nc8 24. exf5 Bxf5 25. Qe2 Nb6 26. Bd3 Bxd3 27. Rxd3 Nc4 28.
Qe6+ Qf7 29. Qxf7+ Kxf7 30. Rf3+ Kg8 31. Ne4 Rxb2 32. Bf6 Re2 33. Bxg7 Rxe4 34.
Bh6 Re8 35. Rb3 Kf7 36. Rb7+ Re7 37. Rb8 Re8 38. Rb7+ Re7 39. Rb8 Kf6 40. f4
Kf5 41. Bf8 Re2 42. Rd8 Kg4 43. Bxd6 Kf3 44. h4 Ne3 45. Ra8 Re1+ 46. Kh2 Ng4+
0-1

[Event "Russian Women's Higher League 2020"]
[Site "?"]
[Date "2020.10.12"]
[Round "5.16"]
[White "Mukhina, Jana"]
[Black "Ovod, Evgenija"]
[Result "0-1"]
[WhiteElo "2025"]
[BlackElo "2372"]
[PlyCount "86"]
[EventDate "2020.??.??"]

1. e4 e6 2. d4 d5 3. Bd3 dxe4 4. Bxe4 Nf6 5. Bf3 Nbd7 6. Be3 Be7 7. Ne2 O-O 8.
Nbc3 Nb6 9. Qd3 Nfd5 10. Nxd5 exd5 11. b3 a5 12. O-O a4 13. Ng3 Be6 14. c3 Qd7
15. Rae1 axb3 16. axb3 Nc8 17. Bd1 Nd6 18. Bc2 g6 19. Ra1 h5 20. Bh6 Rfe8 21.
f3 h4 22. Nh1 Bf5 23. Qd2 Bxc2 24. Qxc2 Nf5 25. Bd2 Rxa1 26. Rxa1 c5 27. g4
hxg3 28. Nxg3 Nxg3 29. hxg3 cxd4 30. cxd4 Qh3 31. Be1 Bf6 32. Qf2 Kg7 33. Rd1
Rh8 34. Qg2 Qe6 35. Qd2 Qf5 36. Qe2 Qh5 37. Qg2 Re8 38. Bf2 Re2 39. g4 Qh6 40.
Qf1 Rb2 41. Qd3 Bh4 42. Rf1 Qf4 43. Kg2 Qg3+ 0-1

[Event "Russian Women's Higher League 2020"]
[Site "?"]
[Date "2020.10.12"]
[Round "5.17"]
[White "Berezina, Mariya"]
[Black "Kochukova, Anna"]
[Result "0-1"]
[WhiteElo "1982"]
[BlackElo "2093"]
[PlyCount "137"]
[EventDate "2020.??.??"]

1. c4 e5 2. Nc3 Nf6 3. Nf3 Nc6 4. e3 Bb4 5. Qc2 Bxc3 6. Qxc3 Qe7 7. d4 Ne4 8.
Qd3 exd4 9. Nxd4 O-O 10. Be2 Qb4+ 11. Kf1 Qe7 12. f3 f5 13. Qd1 Nc5 14. Kf2 d6
15. Re1 Qh4+ 16. Kg1 Rf6 17. Nxc6 bxc6 18. g3 Rg6 19. Bf1 Be6 20. b3 Re8 21.
Bb2 Qg5 22. Bg2 Bd7 23. b4 Nb7 24. f4 Qe7 25. Qd2 Nd8 26. Rad1 Re6 27. Kf2 Nf7
28. Qd4 Nh6 29. h3 a6 30. Rd3 Rb8 31. Bc3 Kf8 32. Qa7 Qd8 33. Qd4 Re7 34. Rd2
Ng8 35. e4 fxe4 36. Rxe4 Nf6 37. Rxe7 Qxe7 38. Re2 Qf7 39. Qa7 Re8 40. Rxe8+
Bxe8 41. Qxa6 Qg6 42. Bxf6 Qxf6 43. Bxc6 Qd4+ 44. Kg2 Qd2+ 45. Kg1 Qe1+ 46. Kh2
Qd2+ 47. Bg2 Qxb4 48. a3 Qb3 49. Qc8 Qxc4 50. Qf5+ Bf7 51. Qxh7 d5 52. Qf5 d4
53. Be4 g6 54. Qe5 d3 55. Bf3 Kg8 56. f5 Qc2+ 57. Kg1 d2 58. fxg6 d1=Q+ 59.
Bxd1 Qxd1+ 60. Kh2 Qc2+ 61. Kg1 Bxg6 62. Qd5+ Kh7 63. Qd7+ Kh6 64. Qe6 Qc5+ 65.
Kg2 Qd4 66. Qa6 c5 67. a4 c4 68. a5 c3 69. Kf3 0-1

[Event "Russian Women's Higher League 2020"]
[Site "?"]
[Date "2020.10.12"]
[Round "5.18"]
[White "Komissarova, Soigina"]
[Black "Salakhova, Adelya"]
[Result "1-0"]
[WhiteElo "1780"]
[BlackElo "1885"]
[PlyCount "147"]
[EventDate "2020.??.??"]

1. c4 e6 2. Nf3 Nf6 3. Nc3 d5 4. d4 Be7 5. Bf4 O-O 6. e3 b6 7. cxd5 exd5 8. Bd3
c5 9. h3 Bb7 10. O-O Nbd7 11. Ne5 a6 12. a4 Rc8 13. Bh2 Ne4 14. Rc1 Nxc3 15.
bxc3 Nxe5 16. Bxe5 Bf6 17. Bf4 c4 18. Bf5 Ra8 19. f3 Re8 20. Re1 b5 21. Bc2 Qa5
22. Re2 Bc6 23. e4 g6 24. Qe1 Bg7 25. Bd6 Qd8 26. Qg3 Qd7 27. Ree1 Rad8 28. e5
Qa7 29. Bc5 Qc7 30. f4 f5 31. Qf3 Kh8 32. Kh1 Bd7 33. Bd6 Qc6 34. Rg1 Bf8 35.
Bxf8 Rxf8 36. Qg3 Be6 37. Qg5 Rd7 38. h4 b4 39. Qh6 Rdf7 40. h5 gxh5 41. Bd1
Rg7 42. cxb4 Qb6 43. Rc3 Qxb4 44. Rh3 Qe7 45. Qxh5 Qd7 46. Qf3 Qa7 47. Rh6 Rg6
48. Qh3 Rfg8 49. Bf3 Qg7 50. Rh5 Rg3 51. Qh2 Rb8 52. Rh3 Rxh3 53. gxh3 Qh6 54.
h4 Rb3 55. Qg3 Rb7 56. h5 Rb8 57. Qh4 c3 58. Bd1 Rc8 59. Rg2 Qf8 60. h6 Bd7 61.
Bc2 Rc6 62. Rh2 Rg6 63. Qf2 Rxh6 64. Qe2 Rxh2+ 65. Kxh2 Qh6+ 66. Kg3 Qb6 67.
Qd3 Qb2 68. Kf3 h5 69. Kg3 Kg7 70. Kh4 Qc1 71. Qg3+ Kh7 72. Kxh5 Be8+ 73. Kg5
Qxc2 74. Kf6 1-0

[Event "Russian Women's Higher League 2020"]
[Site "?"]
[Date "2020.10.14"]
[Round "6.3"]
[White "Getman, Tatyana"]
[Black "Kovanova, Baira"]
[Result "1/2-1/2"]
[WhiteElo "2271"]
[BlackElo "2324"]
[PlyCount "49"]
[EventDate "2020.??.??"]
[WhiteClock "0:25:31"]
[BlackClock "0:24:44"]

1. d4 e6 2. c4 b6 3. a3 Bb7 4. Nc3 f5 5. Nf3 Nf6 6. d5 Be7 7. g3 a5 8. Bg2 Na6
9. O-O O-O 10. dxe6 dxe6 11. Qxd8 Rfxd8 12. Bf4 Bd6 13. Rad1 e5 14. Bg5 Rf8 15.
Nb5 e4 16. Nfd4 Be5 17. Nxf5 Bxb2 18. Ne7+ Kh8 19. Bf4 Rae8 20. Nd5 Nxd5 21.
cxd5 Be5 22. Be3 Bf6 23. Bf4 Be5 24. Be3 Bf6 25. Bf4 1/2-1/2

[Event "Russian Women's Higher League 2020"]
[Site "?"]
[Date "2020.10.14"]
[Round "6.4"]
[White "Grigorieva, Yulia"]
[Black "Goltseva, Ekaterina"]
[Result "0-1"]
[WhiteElo "2237"]
[BlackElo "2294"]
[PlyCount "186"]
[EventDate "2020.??.??"]
[WhiteClock "0:01:43"]
[BlackClock "0:06:25"]

1. e4 e6 2. d4 d5 3. Nc3 Bb4 4. e5 c5 5. a3 Bxc3+ 6. bxc3 Ne7 7. Qg4 Qc7 8. Bd3
cxd4 9. Ne2 dxc3 10. Qxg7 Rg8 11. Qxh7 Qxe5 12. h4 Nd7 13. Bf4 Qf6 14. Bg5 Qh8
15. Qxh8 Rxh8 16. Nxc3 a6 17. h5 f6 18. Be3 Ne5 19. Be2 Bd7 20. f4 N5c6 21.
O-O-O Rc8 22. g4 f5 23. g5 d4 24. Rxd4 Nxd4 25. Bxd4 Rh7 26. h6 Kf8 27. Bh5 Be8
28. Bxe8 Kxe8 29. Ne2 Ng6 30. c3 Kf8 31. Kb2 Kg8 32. Rf1 Rd7 33. Ng3 b5 34. Nh5
Kf7 35. Nf6 Rdd8 36. Kb3 Rc4 37. Nh5 a5 38. Re1 Rc6 39. Rf1 Rc4 40. Nf6 Rc6 41.
h7 b4 42. axb4 axb4 43. Kxb4 Rb8+ 44. Ka5 Rcc8 45. Nd7 Rb2 46. Nb6 Rc7 47. Na4
Rh2 48. Kb6 Rc8 49. Kb7 Re8 50. h8=Q Nxh8 51. Nb6 Ng6 52. Nc4 Re7+ 53. Kc6 Rh4
54. Ne5+ Nxe5+ 55. Bxe5 Rh2 56. Rd1 Re8 57. Rd7+ Re7 58. g6+ Ke8 59. g7 Rg2 60.
Rd2 Rexg7 61. Rd6 Re7 62. Bf6 Rc2 63. Bxe7 Rxc3+ 64. Kb5 Kxe7 65. Rd4 Kf6 66.
Kb4 Rc1 67. Rd2 Rc6 68. Kb5 Rc3 69. Kb4 Rc1 70. Rd3 Kg6 71. Rg3+ Kf7 72. Rd3
Ke7 73. Rc3 Rf1 74. Rc4 Kf6 75. Kc5 e5 76. fxe5+ Kxe5 77. Rc2 Ke4 78. Rc4+ Ke5
79. Rc2 Re1 80. Kc4 Ke4 81. Kc3 Ke3 82. Rh2 f4 83. Rh8 Rc1+ 84. Kb2 Rc5 85.
Re8+ Kf2 86. Kb3 f3 87. Kb4 Rc1 88. Rf8 Ke2 89. Re8+ Kf1 90. Rh8 Rc7 91. Rf8 f2
92. Kb3 Rg7 93. Ra8 Kg1 0-1

[Event "Russian Women's Higher League 2020"]
[Site "?"]
[Date "2020.10.14"]
[Round "6.5"]
[White "Schepetkova, Margarita"]
[Black "Bivol, Alina"]
[Result "1-0"]
[WhiteElo "2257"]
[BlackElo "2393"]
[PlyCount "145"]
[EventDate "2020.??.??"]
[WhiteClock "0:05:00"]
[BlackClock "0:00:54"]

1. d4 Nf6 2. c4 g6 3. g3 Bg7 4. Bg2 d5 5. cxd5 Nxd5 6. Nf3 O-O 7. O-O Nb6 8.
Nc3 Nc6 9. e3 Re8 10. Nh4 e5 11. d5 Na5 12. Rb1 Nac4 13. e4 Bd7 14. a4 Nd6 15.
b3 f5 16. Nf3 Nxe4 17. Nxe4 fxe4 18. Ng5 Bf5 19. g4 e3 20. gxf5 Qxg5 21. Bxe3
Qxf5 22. Rc1 Re7 23. d6 cxd6 24. Bxb6 axb6 25. Qxd6 Rae8 26. Qxb6 e4 27. Rc7
Be5 28. Rxe7 Rxe7 29. Qd8+ Kf7 30. Re1 Bf6 31. Qb6 Bh4 32. Qe3 Kg8 33. Re2 Bg5
34. Qd4 Bf6 35. Qc4+ Kg7 36. Rxe4 Rd7 37. Qe2 Qg5 38. Re3 Qc5 39. Bf1 h5 40.
Qb5 Qc7 41. Qc4 Qd8 42. Qe4 Bd4 43. Rg3 Qb6 44. Rf3 Qc5 45. Bd3 Qb6 46. Qe8
Bxf2+ 47. Kg2 Qd6 48. Kxf2 Qxh2+ 49. Ke3 Qd6 50. Kf2 Qh2+ 51. Kf1 Qh1+ 52. Ke2
Qg2+ 53. Ke1 Qh1+ 54. Kd2 Qh2+ 55. Qe2 Qd6 56. Qe4 Qh2+ 57. Kc3 Qg1 58. Qe5+
Kh6 59. Qh8+ Kg5 60. Qf6+ Kh6 61. Qf8+ Kh7 62. Rf7+ Rxf7 63. Qxf7+ Kh6 64. Qxb7
Qc1+ 65. Kb4 Qe1+ 66. Kb5 Qe5+ 67. Kc4 h4 68. Qe4 Qg5 69. a5 h3 70. a6 Qc1+ 71.
Kb5 Qg5+ 72. Ka4 Qg1 73. Qxg6+ 1-0

[Event "Russian Women's Higher League 2020"]
[Site "?"]
[Date "2020.10.14"]
[Round "6.6"]
[White "Charochkina, Daria"]
[Black "Paramzina, Anastasya"]
[Result "0-1"]
[WhiteElo "2356"]
[BlackElo "2237"]
[PlyCount "140"]
[EventDate "2020.??.??"]
[WhiteClock "0:11:28"]
[BlackClock "0:07:45"]

1. d4 Nf6 2. Bf4 c6 3. c3 d6 4. Qc2 Qa5 5. e4 e5 6. Bd2 Be7 7. Bd3 Na6 8. a3 d5
9. b4 Qb6 10. dxe5 dxe4 11. Bxe4 Nxe4 12. Qxe4 Be6 13. c4 Nc5 14. Qc2 Nd7 15.
Nf3 a5 16. Ra2 Qa6 17. Rb2 Bxc4 18. Bc3 Nb6 19. Nfd2 Bd3 20. Qb3 a4 21. Qd1 Nd5
22. Bd4 Nf4 23. Qf3 g5 24. Nc3 Bb5 25. Rc2 Rd8 26. Be3 Nd3+ 27. Kd1 Nxe5 28.
Qe4 f6 29. Nxb5 Qxb5 30. f4 Qd3 31. Qxd3 Rxd3 32. fxe5 Rxe3 33. Nc4 Rd3+ 34.
Ke2 Rd5 35. exf6 Bxf6 36. Rf1 O-O 37. Rf3 Kg7 38. g4 Re8+ 39. Kf1 Rd1+ 40. Kg2
Re4 41. h3 Ree1 42. Re3 Rg1+ 43. Kh2 Rh1+ 44. Kg3 Rdg1+ 45. Rg2 Re1 46. Rd3 Re4
47. Rc2 b5 48. Ne3 Be5+ 49. Kf3 Rf4+ 50. Kg2 Rh2+ 51. Kxh2 Rd4+ 52. Kg2 Rxd3
53. Nf5+ Kf8 54. Rxc6 Rxa3 55. Rc5 Bc3 56. Rxb5 Rb3 57. Rb8+ Kf7 58. b5 a3 59.
Ra8 Rb2+ 60. Kf3 a2 61. b6 Be5 62. Ke4 Kf6 63. Ne3 Rb4+ 64. Kf3 Rf4+ 65. Kg2
a1=Q 66. Rxa1 Bxa1 67. Nd5+ Ke5 68. b7 Rf8 69. Nb4 Ke6 70. Na6 Be5 0-1